000 00454nam a22001817a 4500
003 koha_MIRAKIL
005 20231213065356.0
008 231213b |||||||| |||| 00| 0 ||| d
020 _b978-9-75570191-2
040 _aTR-IsEVY
_btur
_cTR-IsEVY
082 _a810 BİR/B
100 _aBİRSEL, SALAH.
245 0 _aBOĞAZİÇİ ŞINGIR MINGIR.
260 _bSEL YAYINCILIK,
_c2009
300 _a456.
650 _aTürk Edebiyatı.
942 _2ddc
_cBK
999 _c2607
_d2607